Catalog

Record Details

Catalog Search



Girl in the blue coat  Cover Image Book Book

Girl in the blue coat / by Monica Hesse.

Hesse, Monica,: (author.).

Summary:

Beautifully written, intricately plotted, and meticulously researched, Girl in the Blue Coat is an extraordinary, unforgettable story of bravery, grief, and love in impossible times. Amsterdam, 1943. Hanneke spends her days finding and delivering sought-after black market goods to paying customers, nights hiding the true nature of her work from her concerned parents, and every waking moment mourning her boyfriend, who was killed on the Dutch front lines when the German army invaded. Her illegal work keeps her family afloat, and Hanneke also likes to think of it as a small act of rebellion against the Nazis. On a routine delivery, a client asks Hanneke for help. Expecting to hear that Mrs. Janssen wants her to find meat or kerosene, Hanneke is shocked by the older woman's frantic plea to find a person: a Jewish teenager Mrs. Janssen had been hiding, who has vanished without a trace from a secret room. Hanneke initally wants nothing to do with such a dangerous task but is ultimately drawn into a web of mysteries and stunning revelations--where the only way out is through. -- From dust jacket.

Record details

  • ISBN: 9780316260602
  • ISBN: 0316260606
  • ISBN: 0316260630
  • ISBN: 9780316260633
  • Physical Description: 301 pages ; 22 cm
  • Edition: First edition.
  • Publisher: Boston ; Little, Brown and Company, 2016.

Content descriptions

Bibliography, etc. Note:
Includes bibliographical references.
Awards Note:
Edgar Award for Young Adult, 2017
Junior Library Guild Selection.
2017 YALSA Best Fiction for Young Adults.
Subject: World War, 1939-1945 > Underground movements > Netherlands > Fiction.
Holocaust, Jewish (1939-1945) > Netherlands > Amsterdam > Fiction.
Black market > Fiction.
Jews > Netherlands > Fiction.
Missing children > Fiction.
Netherlands > History > German occupation, 1940-1945 > Juvenile fiction.
Netherlands > History > German occupation, 1940-1945 > Fiction.
Genre: Young adult works
Novels.
Historical fiction.
Detective and mystery fiction.

Available copies

  • 1 of 1 copy available at scottsboropl.

Holds

  • 0 current holds with 1 total copy.
Show Only Available Copies
Location Call Number / Copy Notes Barcode Shelving Location Status Due Date
scottsboropl YA Hes 32269001259517 Young Adult - Fiction Available -

LDR 07407cam a2201417 i 4500
001164088
003SBPL
00520240819105648.0
008150923s2016 mau d b 000 1 eng
010 . ‡a 2015020565
020 . ‡a9780316260602 ‡qhardcover
020 . ‡a0316260606 ‡qhardcover
020 . ‡a0316260630
020 . ‡a9780316260633
035 . ‡a(OCoLC)917343993 ‡z(OCoLC)948566684 ‡z(OCoLC)981603382 ‡z(OCoLC)1012633668 ‡z(OCoLC)1089916436 ‡z(OCoLC)1299329015 ‡z(OCoLC)1302898764
05000. ‡aPZ7.1.H52 ‡bGi 2016
050 4. ‡aPS3608.E846 ‡bG57 2016
08200. ‡a[Fic] ‡223
1001 . ‡aHesse, Monica,: ‡eauthor.
24510. ‡aGirl in the blue coat / ‡cby Monica Hesse.
250 . ‡aFirst edition.
264 1. ‡aBoston ; ‡aNew York : ‡bLittle, Brown and Company, ‡c2016.
300 . ‡a301 pages ; ‡c22 cm
336 . ‡atext ‡btxt ‡2rdacontent
337 . ‡aunmediated ‡bn ‡2rdamedia
338 . ‡avolume ‡bnc ‡2rdacarrier
520 . ‡aBeautifully written, intricately plotted, and meticulously researched, Girl in the Blue Coat is an extraordinary, unforgettable story of bravery, grief, and love in impossible times. Amsterdam, 1943. Hanneke spends her days finding and delivering sought-after black market goods to paying customers, nights hiding the true nature of her work from her concerned parents, and every waking moment mourning her boyfriend, who was killed on the Dutch front lines when the German army invaded. Her illegal work keeps her family afloat, and Hanneke also likes to think of it as a small act of rebellion against the Nazis. On a routine delivery, a client asks Hanneke for help. Expecting to hear that Mrs. Janssen wants her to find meat or kerosene, Hanneke is shocked by the older woman's frantic plea to find a person: a Jewish teenager Mrs. Janssen had been hiding, who has vanished without a trace from a secret room. Hanneke initally wants nothing to do with such a dangerous task but is ultimately drawn into a web of mysteries and stunning revelations--where the only way out is through. -- ‡cFrom dust jacket.
504 . ‡aIncludes bibliographical references.
586 . ‡aEdgar Award for Young Adult, 2017
586 . ‡aJunior Library Guild Selection.
586 . ‡a2017 YALSA Best Fiction for Young Adults.
650 1. ‡aWorld War, 1939-1945 ‡xUnderground movements ‡zNetherlands ‡vFiction.
650 1. ‡aHolocaust, Jewish (1939-1945) ‡zNetherlands ‡zAmsterdam ‡vFiction.
650 1. ‡aBlack market ‡vFiction.
650 1. ‡aJews ‡zNetherlands ‡vFiction.
650 1. ‡aMissing children ‡vFiction.
651 0. ‡aNetherlands ‡xHistory ‡yGerman occupation, 1940-1945 ‡vJuvenile fiction.
651 1. ‡aNetherlands ‡xHistory ‡yGerman occupation, 1940-1945 ‡vFiction.
655 7. ‡aYoung adult works
655 7. ‡aNovels. ‡2lcgft
655 7. ‡aHistorical fiction. ‡2lcgft
655 7. ‡aDetective and mystery fiction. ‡2lcgft
901 . ‡a164088 ‡bAUTOGEN ‡c164088 ‡tbiblio

Additional Resources